Eastern Utah Libraries Catalog: Duchesne, Heber, Roosevelt, & Vernal

The homecoming (Record no. 269102)

MARC details
000 -LEADER
fixed length control field 03179ngm a2200709Ia 4500
001 - CONTROL NUMBER
control field ocm53278231
003 - CONTROL NUMBER IDENTIFIER
control field OCoLC
005 - DATE AND TIME OF LATEST TRANSACTION
control field 20200320183023.0
007 - PHYSICAL DESCRIPTION FIXED FIELD--GENERAL INFORMATION
fixed length control field vd cvaizm
008 - FIXED-LENGTH DATA ELEMENTS--GENERAL INFORMATION
fixed length control field 031023p20031971cau098 g vleng d
020 ## - INTERNATIONAL STANDARD BOOK NUMBER
International Standard Book Number 079219540X
020 ## - INTERNATIONAL STANDARD BOOK NUMBER
International Standard Book Number 9780792195405
020 ## - INTERNATIONAL STANDARD BOOK NUMBER
Terms of availability 15.95
024 1# - OTHER STANDARD IDENTIFIER
Standard number or code 097368433045
028 42 - PUBLISHER NUMBER
Publisher number 84330
Source Paramount Pictures
035 ## - SYSTEM CONTROL NUMBER
System control number (OCoLC)53278231
040 ## - CATALOGING SOURCE
Original cataloging agency IHZ
Transcribing agency IHZ
Modifying agency RCS
-- OCLCQ
-- IHI
-- OCLCA
-- OCLCQ
-- OCLCA
-- OCLCQ
-- SINLB
-- WACOL
043 ## - GEOGRAPHIC AREA CODE
Geographic area code n-us---
049 ## - LOCAL HOLDINGS (OCLC)
Holding library WACL
050 14 - LIBRARY OF CONGRESS CALL NUMBER
Classification number PN1992.8.C47
Item number H66 2003
082 04 - DEWEY DECIMAL CLASSIFICATION NUMBER
Classification number 791.45/75
Edition number 22
082 04 - DEWEY DECIMAL CLASSIFICATION NUMBER
Classification number 791.45/72
Edition number 22
092 ## - LOCALLY ASSIGNED DEWEY CALL NUMBER (OCLC)
Classification number DVD
Item number Hom
245 04 - TITLE STATEMENT
Title The homecoming
Medium [videorecording] :
Remainder of title a Christmas story /
Statement of responsibility, etc Paramount ; Columbia Broadcasting System, Inc. ; a CBS Television Network Production ; produced by Robert Jacks ; teleplay by Earl Hammer ; directed by Fielder Cook.
260 ## - PUBLICATION, DISTRIBUTION, ETC. (IMPRINT)
Place of publication, distribution, etc Hollywood, Calif. :
Name of publisher, distributor, etc Paramount Pictures,
Date of publication, distribution, etc [2003]
300 ## - PHYSICAL DESCRIPTION
Extent 1 videodisc (98 min.) :
Other physical details sd., col. ;
Dimensions 4 3/4 in.
440 #0 - SERIES STATEMENT/ADDED ENTRY--TITLE
Title Paramount DVD collection
9 (RLIN) 67825
538 ## - SYSTEM DETAILS NOTE
System details note DVD, region 1, full screen format, Dolby digital mono.
546 ## - LANGUAGE NOTE
Language note Closed-captioned.
511 1# - PARTICIPANT OR PERFORMER NOTE
Participant or performer note Patricia Neal, Richard Thomas, Edgar Bergen, Ellen Corby, Dorothy Stickney, Josephine Hutchinson, William Windom, Cleavon Little, Andrew Duggan.
508 ## - CREATION/PRODUCTION CREDITS NOTE
Creation/production credits note Director of photography, Earl Roth ; film editors, Marjorie Fowler, Gene Fowler ; music, Jerry Goldsmith.
500 ## - GENERAL NOTE
General note Originally produced for television broadcast in 1971.
500 ## - GENERAL NOTE
General note Based on the novel "The homecoming" by Earl Hammer.
500 ## - GENERAL NOTE
General note "The heartwarming holiday movie that inspired 'The Waltons'"--Container.
521 8# - TARGET AUDIENCE NOTE
Target audience note MPAA rating: PG, for brief mild language.
520 ## - SUMMARY, ETC.
Summary, etc Set on a Depression Christmas Eve in 1933, this heart-tugging story centers around the Waltons, a rural family, as they prepare to celebrate Christmas together.
650 #0 - SUBJECT ADDED ENTRY--TOPICAL TERM
Topical term or geographic name as entry element Christmas stories, American
Form subdivision Drama.
9 (RLIN) 5847957
650 #0 - SUBJECT ADDED ENTRY--TOPICAL TERM
Topical term or geographic name as entry element Depressions
Chronological subdivision 1929
Geographic subdivision United States
Form subdivision Drama.
9 (RLIN) 5739984
650 #0 - SUBJECT ADDED ENTRY--TOPICAL TERM
Topical term or geographic name as entry element Rural families
Form subdivision Drama.
9 (RLIN) 5847958
655 #0 - INDEX TERM--GENRE/FORM
Genre/form data or focus term Feature films.
9 (RLIN) 5847959
655 #0 - INDEX TERM--GENRE/FORM
Genre/form data or focus term Television adaptations.
9 (RLIN) 5685124
655 #0 - INDEX TERM--GENRE/FORM
Genre/form data or focus term Video recordings for the hearing impaired.
9 (RLIN) 5847960
700 1# - ADDED ENTRY--PERSONAL NAME
Personal name Jacks, Robert L.,
Dates associated with a name 1927-1987.
9 (RLIN) 56244
700 1# - ADDED ENTRY--PERSONAL NAME
Personal name Cook, Fielder,
Dates associated with a name 1923-2003.
9 (RLIN) 5847961
700 1# - ADDED ENTRY--PERSONAL NAME
Personal name Neal, Patricia,
Dates associated with a name 1926-
9 (RLIN) 20286
700 1# - ADDED ENTRY--PERSONAL NAME
Personal name Thomas, Richard,
Dates associated with a name 1951-
9 (RLIN) 15830
700 1# - ADDED ENTRY--PERSONAL NAME
Personal name Bergen, Edgar,
Dates associated with a name 1903-1978.
9 (RLIN) 23638
700 1# - ADDED ENTRY--PERSONAL NAME
Personal name Corby, Ellen.
9 (RLIN) 67567
700 1# - ADDED ENTRY--PERSONAL NAME
Personal name Stickney, Dorothy.
9 (RLIN) 5847962
700 1# - ADDED ENTRY--PERSONAL NAME
Personal name Hutchinson, Josephine,
Dates associated with a name 1904-
9 (RLIN) 11415
700 1# - ADDED ENTRY--PERSONAL NAME
Personal name Windom, William,
Dates associated with a name 1923-
9 (RLIN) 29211
700 1# - ADDED ENTRY--PERSONAL NAME
Personal name Little, Cleavon.
9 (RLIN) 41788
700 1# - ADDED ENTRY--PERSONAL NAME
Personal name Duggan, Andrew,
Dates associated with a name 1923-1988.
9 (RLIN) 59457
700 1# - ADDED ENTRY--PERSONAL NAME
Personal name Hamner, Earl.
Title of a work Homecoming.
9 (RLIN) 5847963
710 2# - ADDED ENTRY--CORPORATE NAME
Corporate name or jurisdiction name as entry element Columbia Broadcasting System, inc.
9 (RLIN) 13267
710 2# - ADDED ENTRY--CORPORATE NAME
Corporate name or jurisdiction name as entry element Paramount Pictures Corporation.
9 (RLIN) 7712
730 0# - ADDED ENTRY--UNIFORM TITLE
Uniform title Waltons (Television program)
9 (RLIN) 6397
942 ## - ADDED ENTRY ELEMENTS (KOHA)
Koha item type DVD
948 ## - LOCAL PROCESSING INFORMATION (OCLC); SERIES PART DESIGNATOR (RLIN)
Series part designator, SPT (RLIN) 01/07/2009
z (OCLC) Sirsi
994 ## -
-- 02
-- WACOL
996 ## -
-- 67850
-- 34301000790974
-- HOLDVD
-- DVD
-- wcl
-- i
-- 72
-- 10.00
-- Amazon.com
-- Hom
-- 01/07/2009
-- 03/28/2019
-- 12/21/2018
Holdings
Withdrawn status Lost status Source of classification or shelving scheme Damaged status Not for loan Collection code Home library Current library Shelving location Date acquired Source of acquisition Cost, normal purchase price Total Checkouts Total Renewals Full call number Barcode Date last seen Date checked out Cost, replacement price Price effective from Koha item type
    Dewey Decimal Classification     Holiday Movies Wasatch County Library Wasatch County Library Audio Visual Area 01/07/2009 Amazon 10.00 79 12 DVD Hom 34301000790974 01/03/2026 12/09/2025 10.00 03/20/2020 DVD
This project was made possible through a grant from the Institute of Museum and Library Service administered by the Utah State Library Division.

Wasatch County Library

  • 465 East 1200 South, Heber City, Utah 84032
  • Phone 435-654-1511 | Fax 435-654-6456

Hours

  • Monday - Friday 9:30 AM - 8:00 PM
  • Saturday 9:30 AM - 1:30 PM
  • Closed Sundays and Holidays